Statistics for Guess The Left 4 Dead 2 Campaign Name

Click here to take the quiz!

General Stats

  • This quiz has been taken 26 times
  • The average score is 10 of 14

Answer Stats

HintAnswer% Correct
What Is Campaign That Known As One Of Hardest And Long Campaign?Dark Carnival
89%
What Is Campaign That First Meet With Vergil?Swamp Fever
89%
What Is Campaign That Have To The Sacrifice Someone To Complete Campaign?The Sacrifice
89%
What Is Campaign That Has Theory Called "Campaign Is Alternative Dark Carnival" And People Call Its Awful Is?Cold Stream
83%
What Is Campaign That First Stage On Second Sequel Of The Game Is?Dead Center
83%
What Is Campaign That Stage Theme Is "Hospital" And Loved Campaign At Same Time?No Mercy
83%
What Is Campaign That Strong Armor Infected Will Appear And Final Campaign Of The Second Sequel Of The Game Is?The Parish
83%
What Is Campaign That Past Survivor Meet New Survivor?The Passing
83%
What Is Campaign That Stage Theme Is "Agricultural Area" And Survivor Will Saved On Military Is?Blood Harvest
78%
What Is Campaign That Need To Go Back To The Chapter That Already Completed?Hard Rain
78%
What Is Campaign That Almost Whole Campaign Is City?Death Toll
72%
What Is Campaign That Has 2 Panic Event On One Chapter?Dead Air
67%
What Is Campaign That Has The Custom Music Theme For Tank And Have Most Long Way To Rescue VehicleThe Last Stand
61%
What Is Campaign That Known As Short And Boring?Crash Cource
0%

Score Distribution

Percentile by Number Answered

Percent of People with Each Score

Your Score History

You have not taken this quiz